El problema de la concurrencia de responsabilidades: perspectivas del Derecho Chileno

Сохранить в:
Библиографические подробности
Главный автор: Alonso Traviesa, María Teresa (Автор)
Формат:
Язык:испанский
Опубликовано: Santiago LexisNexis 2006
Редактирование:1a. ed
Предметы:
Метки: Добавить метку
Нет меток, Требуется 1-ая метка записи!

MARC

LEADER 00000nam a2200000 a 4500
001 UCJ1352
003 CL-VaPUC
008 061013e20060000CL |||||||||||||||||spa|d
020 |a 9562386007 
082 0 4 |a 347.83  |b ALO  |2 21 
100 0 |a Alonso Traviesa, María Teresa  |e author  |9 501965 
245 1 3 |a El problema de la concurrencia de responsabilidades: perspectivas del Derecho Chileno 
250 |a 1a. ed 
300 |a 583 p 
942 |c BK 
945 |d 20061013 00:00:00  |a jtorresc 
260 |a Santiago  |b LexisNexis  |c 2006 
500 |a www.lexinexis.cl 
650 7 |a DERECHO CHILENO  |2 CL-VaPUC  |9 501966 
650 0 |a Derecho y legislación   |9 255077 
650 0 |a Jurisprudencia  |9 255952 
650 0 |a Derecho procesal civil  |9 258071 
651 7 |a CHILE  |2 CL-VaPUC  |9 501967 
583 |a last modification  |c 20061013 00:00:00  |k Rodrigo Vera 
999 |c 317972  |d 317970 
952 |0 0  |1 0  |4 0  |6 347_830000000000000_ALO_2006  |7 0  |8 A  |9 395107  |a BIBDER  |b BIBDER  |d 2019-11-22  |i 4287452  |l 3  |o 347.83 ALO 2006  |p 4287452  |r 2025-04-29  |s 2025-04-22  |w 2019-11-22  |y BK  |k DER